LEADER 03346oam 2200697I 450 001 9910974072303321 005 20251117082313.0 010 $a1-135-16913-6 010 $a1-135-16914-4 010 $a1-282-57596-1 010 $a9786612575969 010 $a0-203-86178-7 024 7 $a10.4324/9780203861783 035 $a(CKB)2550000000006757 035 $a(EBL)481094 035 $a(OCoLC)609855047 035 $a(SSID)ssj0000362111 035 $a(PQKBManifestationID)11246969 035 $a(PQKBTitleCode)TC0000362111 035 $a(PQKBWorkID)10361916 035 $a(PQKB)10519755 035 $a(MiAaPQ)EBC481094 035 $a(Au-PeEL)EBL481094 035 $a(CaPaEBR)ebr10370233 035 $a(CaONFJC)MIL257596 035 $a(OCoLC)610215920 035 $a(OCoLC)419793619 035 $a(FINmELB)ELB154225 035 $a(EXLCZ)992550000000006757 100 $a20180706d2010 uy 0 101 0 $aeng 135 $aur|n|---||||| 181 $ctxt 182 $cc 183 $acr 200 10$aJournalism and politics in Indonesia $ea critical biography of Mochtar Lubis (1922-2004) as editor and author /$fDavid T. Hill 205 $a1st ed. 210 $aNew York, NY $cRoutledge$d2010 210 1$aLondon ;$aNew York :$cRoutledge,$d2010. 215 $a1 online resource (285 p.) 225 1 $aRoutledge studies in the modern history of Asia ;$v63 300 $aDescription based upon print version of record. 311 08$a0-415-66684-8 311 08$a0-415-56281-3 320 $aIncludes bibliographical references and index. 327 $aBook Cover; Title; Copyright; Contents; Acknowledgements; Notes; List of illustrations; Part I Early life; 1 Introduction; 2 Bureaucrat's son to nationalist intellectual; Part II The Sukarno period; 3 The 'press of political struggle': The first Indonesia Raya; 4 'Speaking to the World': Author and cultural figure; Part III The Suharto period; 5 The 'golden boy of the New Order': Indonesia Raya re-established; 6 Cultural broker under the New Order; Part IV Denouement; 7 The editor after Indonesia Raya; 8 Conclusion: A life recalled; Postscript: The objecti.cation of Mochtar Lubis; Notes 327 $aGlossaryBibliography; Index 330 $aMochtar Lubis was one of Indonesia's best-known newspaper editors, authors and cultural figures, with a national, regional and international prominence that he retained from the early 1950s until his recent death in 2004. This book traces the major events in the life of Mochtar Lubis, which is also a prism through which much of Indonesia's post-independence history can be interpreted. This book is also the story of Indonesia in the second half of the twentieth century, when the people of the archipelago became an independent nation, and when print media and the influential figures who cont 410 0$aRoutledge studies in the modern history of Asia ;$v63. 606 $aAuthors, Indonesian$y20th century$vBiography 606 $aJournalists$zIndonesia$vBiography 615 0$aAuthors, Indonesian 615 0$aJournalists 676 $a070.41092 700 $aHill$b David T.$01882258 801 0$bFlBoTFG 801 1$bFlBoTFG 906 $aBOOK 912 $a9910974072303321 996 $aJournalism and politics in Indonesia$94497381 997 $aUNINA LEADER 02523nam0 2200541 i 450 001 VAN00114651 005 20240806100752.226 017 70$2N$a978-3-319-42408-8 100 $a20180208d2016 |0itac50 ba 101 $aeng 102 $aCH 105 $a|||| ||||| 200 1 $aDynamical systems: theoretical and experimental analysis$e?ód?, Poland, december 7?10, 2015$fJan Awrejcewicz editor 210 $a[Cham]$cSpringer$d2016 215 $aXIV, 421 p.$cill.$d24 cm 410 1$1001VAN00102574$12001 $aSpringer proceedings in mathematics & statistics$1210 $aBerlin [etc.]$cSpringer$d2012-$v182 500 1$3VAN00242119$aDynamical systems: theoretical and experimental analysis$92162748 606 $a70-XX$xMechanics of particles and systems [MSC 2020]$3VANC021390$2MF 606 $a74-XX$xMechanics of deformable solids [MSC 2020]$3VANC022466$2MF 606 $a82-XX$xStatistical mechanics, structure of matter [MSC 2020]$3VANC021931$2MF 610 $aAsymptotic methods$9KW:K 610 $aContinuous vibrations systems$9KW:K 610 $aDSTA 2015$9KW:K 610 $aEngineering systems$9KW:K 610 $aLumped systems$9KW:K 610 $aMathematical approaches dynamical systems$9KW:K 610 $aMechatronics$9KW:K 610 $aNon-smooth Systems$9KW:K 610 $aNonlinear Dynamics$9KW:K 610 $aOptimization dynamical systems$9KW:K 610 $aOrdinary Differential Equations$9KW:K 610 $aPartial Differential Equations$9KW:K 610 $aSimulation dynamical systems$9KW:K 620 $aCH$dCham$3VANL001889 702 1$aAwrejcewicz$bJan$3VANV040847 712 12$aDynamical Systems - Theory and Applications Conference$d13.$f2015$e?ód?, Poland$3VANV088710 712 $aSpringer $3VANV108073$4650 790 1$aAwrejcewicz, J.$zAwrejcewicz, Jan$3VANV259977 790 1$aAwrejcewics, Jan$zAwrejcewicz, Jan$3VANV259978 790 1$aAwrejcewics, J.$zAwrejcewicz, Jan$3VANV259979 801 $aIT$bSOL$c20260327$gRICA 856 4 $uhttp://dx.doi.org/10.1007/978-3-319-42408-8$zE-book ? Accesso al full-text attraverso riconoscimento IP di Ateneo, proxy e/o Shibboleth 899 $aBIBLIOTECA CENTRO DI SERVIZIO SBA$2VAN15 912 $fN 912 $aVAN00114651 950 $aBIBLIOTECA CENTRO DI SERVIZIO SBA$d15CONS SBA EBOOK 2212 $e15EB 2212 20180208 996 $aDynamical Systems: Theoretical and Experimental Analysis$92162748 997 $aUNICAMPANIA